000 00606nam a2200265Ia 4500
005 20260320203247.0
008 008 262003s9999 xx 000 0 eng d
020 _a978-981-99-9105-1
037 _aEBOOK
040 _aCRL
040 _beng
040 _cCRL
041 _2eng
041 _aeng
084 _qCRL
100 _aHao Fan
_91137205
245 0 _aLunli and Confucian Moral Theory
260 _bSpringer
260 _c2024
650 _aPhilosophy
856 _uhttps://doi.org/10.1007/978-981-99-9105-1
942 _cEBOOK
999 _c1725934
_d1725934